Actas del II Congreso Venezolano de Psiquiatría y Neurología
Kaydedildi:
| Yazar: | |
|---|---|
| Müşterek Yazar: | |
| Materyal Türü: | Kitap |
| Dil: | İspanyolca |
| Baskı/Yayın Bilgisi: |
Valencia
Universidad de Carabobo
1974
|
| Konular: | |
| Etiketler: |
Etiketle
Etiket eklenmemiş, İlk siz ekleyin!
|
MARC
| LEADER | 00000nam a2200000 a 4500 | ||
|---|---|---|---|
| 001 | UCU1118 | ||
| 003 | CL-VaPUC | ||
| 005 | 20220319074452.0 | ||
| 008 | 960329e19740000ve 1 spa d | ||
| 082 | 0 | 4 | |a 616.89 |b TEL |2 21 |
| 100 | 1 | |a Téllez Carrasco, Pedro |e author |9 617600 | |
| 110 | 2 | |a Sociedad Venezolana de Psiquiatría |e author |9 617601 | |
| 245 | 1 | 0 | |a Actas del II Congreso Venezolano de Psiquiatría y Neurología |
| 260 | |a Valencia |b Universidad de Carabobo |c 1974 | ||
| 300 | |a 622 p | ||
| 583 | |a last modification |c 19960329 00:00:00 |k Rodrigo Vera | ||
| 650 | 0 | 0 | |a Psiquiatría |9 308427 |
| 650 | 0 | 7 | |a CIENCIAS DEL COMPORTAMIENTO |2 CL-VaPUC |9 617602 |
| 650 | 0 | 7 | |a ENFERMEDADES DEL SISTEMA NERVIOSO |2 CL-VaPUC |9 269801 |
| 650 | 0 | 0 | |a Neurología |9 269802 |
| 650 | 0 | 0 | |a Depresión |9 334267 |
| 942 | |c BK | ||
| 945 | |a lriquelm |d 19960329 00:00:00 | ||
| 546 | |a En Español | ||
| 536 | |a Sociedad Venezolana de Psiquiatria | ||
| 518 | |p Congreso Venezolano de Psiquiatría y Neurología, 2, Valencia, 11 al 15 de Enero de 1967 | ||
| 999 | |c 382552 |d 382550 | ||
| 952 | |0 0 |1 0 |4 0 |6 616_890000000000000_TEL_1974 |7 0 |8 P |9 504312 |a BIBEDU |b BIBEDU |c BIBEDU_PB |d 2020-01-23 |i 1622234 |o 616.89 TEL 1974 |p 1622234 |r 2020-01-23 |w 2020-01-23 |y BK |k EDU | ||